000 00266nam a2200109Ia 4500
008 190919s9999||||xx |||||||||||||| ||und||
100 _aMarty Nemko
245 0 _aYoure Gonna Love this College Guide
260 _aUSA
_bBarrons
_c1996
300 _a480
942 _cBK
999 _c10715
_d10715